[Event "FINAL MISTRZOSTW POLSKI JUNIOROW 2018 - GRUPA  D18"]
[Site "Jastrzebia Gora"]
[Date "1899-12-30"]
[Round "1.1"]
[White "Antolak, Julia"]
[Black "Kindler, Karolina"]
[Result "1-0"]
[WhiteTitle "WFM"]
[BlackTitle "I++"]
[WhiteElo "2185"]
[BlackElo "1758"]

1. e4 g6 2. d4 Bg7 3. Nc3 c6 4. Nf3 d5 5. h3 h5 6. e5 Nh6 7. Bd3 Bf5 8. Bg5 Nd7
9. Nh4 Nf8 10. Bxh6 Bxh6 11. Bxf5 gxf5 12. Nxf5 Ng6 13. Nxh6 Rxh6 14. Qd2 Rh7
15. O-O-O e6 16. g3 b5 17. f4 a5 18. g4 a4 19. Ne2 Qe7 20. f5 Nh4 21. Ng3 hxg4
22. hxg4 O-O-O 23. Nh5 Nf3 24. f6 Qf8 25. Qc3 Nxe5 26. dxe5 Kb7 27. Qd3 Rh6 28.
g5 Rg6 29. Rhg1 Qg8 30. Qe3 d4 31. Rxd4 Rxd4 32. Qxd4 Rxg5 33. Ng7 Rxg1+ 34. Qxg1
Qd8 35. Qc5 Qd7 36. Qe7 Kc7 37. Ne8+ Kc8 38. Nd6+ 1-0

[Event "FINAL MISTRZOSTW POLSKI JUNIOROW 2018 - GRUPA  D18"]
[Site "Jastrzebia Gora"]
[Date "1899-12-30"]
[Round "1.2"]
[White "Trybowska, Barbara"]
[Black "Kiolbasa, Oliwia"]
[Result "0-1"]
[WhiteTitle "I++"]
[BlackTitle "WIM"]
[WhiteElo "1757"]
[BlackElo "2170"]

1. d4 Nf6 2. Nf3 g6 3. g3 Bg7 4. Bg2 O-O 5. O-O d5 6. Nc3 c6 7. e3 Nbd7 8. b3 Qc7
9. Bb2 e5 10. Ne2 e4 11. Nd2 Nh5 12. c4 f5 13. cxd5 cxd5 14. Ba3 Re8 15. Qc1 Qa5
16. b4 Qb6 17. Nb3 Nhf6 18. Nc3 a6 19. Qd2 Qd8 20. Rac1 b6 21. Rc2 Nf8 22. Rfc1
Bd7 23. Qe2 Ne6 24. f3 exf3 25. Qxf3 Ng5 26. Qe2 Nge4 27. Bxe4 Nxe4 28. Qf3 Nxc3
29. Rxc3 Bb5 30. R1c2 Qd6 31. Nd2 Qe6 32. Nf1 Ra7 33. Bc1 Rae7 34. a3 Ba4 35.
Rf2 Bh6 36. Rb2 Qd6 37. Bd2 Re4 38. Rb1 Bb5 39. Rbc1 Qe6 40. Rc7 Bc4 41. a4 Qd6
42. R7xc4 dxc4 43. Rxc4 Qd5 44. Qe2 f4 45. gxf4 Bxf4 46. a5 Bd6 47. axb6 Qg5+
48. Kh1 Rg4 49. Ng3 Bxg3 50. hxg3 Rxg3 0-1

[Event "FINAL MISTRZOSTW POLSKI JUNIOROW 2018 - GRUPA  D18"]
[Site "Jastrzebia Gora"]
[Date "1899-12-30"]
[Round "1.3"]
[White "Frej, Zofia"]
[Black "Gredka, Dominika"]
[Result "1-0"]
[WhiteTitle "k"]
[BlackTitle "I++"]
[WhiteElo "2006"]
[BlackElo "1725"]

1. d4 d5 2. Nf3 e6 3. e3 Nf6 4. c4 Be7 5. Nbd2 O-O 6. Bd3 Nbd7 7. O-O b6 8. b3
Bb7 9. Bb2 Rc8 10. Qe2 c5 11. Ne5 Ne4 12. Rfd1 f5 13. Bxe4 Nxe5 14. dxe5 dxe4
15. Nxe4 Qe8 16. Nd6 Bxd6 17. Rxd6 Rd8 18. Rad1 Rxd6 19. exd6 Qd7 20. Be5 a6 21.
f3 b5 22. Qc2 Rc8 23. Qc3 b4 24. Qb2 Rd8 25. Qf2 Rc8 26. Qg3 Rf8 27. h4 a5 28.
h5 Bc6 29. h6 g6 30. Qf4 a4 31. Ba1 1-0

[Event "FINAL MISTRZOSTW POLSKI JUNIOROW 2018 - GRUPA  D18"]
[Site "Jastrzebia Gora"]
[Date "1899-12-30"]
[Round "1.4"]
[White "Trusz, Julia"]
[Black "Kaczmarska, Joanna"]
[Result "0-1"]
[WhiteTitle "I+"]
[BlackTitle "k"]
[WhiteElo "1696"]
[BlackElo "1979"]

1. e4 e6 2. d4 d5 3. Nd2 Nc6 4. Ngf3 Nf6 5. e5 Nd7 6. Nb3 f6 7. Bb5 fxe5 8. dxe5
Be7 9. Nbd4 Ndb8 10. c4 O-O 11. O-O Nxd4 12. Qxd4 a6 13. Ba4 c5 14. Qg4 Nc6 15.
Bh6 Rf7 16. cxd5 Qxd5 17. Bxc6 Qxc6 18. Bg5 Bf8 19. Rfd1 Bd7 20. Rd2 Qc7 21. Rad1
Bc6 22. Qxe6 Re8 23. Qb3 Bxf3 24. gxf3 c4 25. Qc3 Rxe5 26. Bd8 Qc5 27. Qd4 Rxf3
28. Bb6 Rg5+ 29. Kf1 Qb5 30. a4 Qxa4 31. Rc1 Rb5 32. Rxc4 Qa1+ 33. Kg2 Rf6 34.
Bc5 Rg6+ 35. Kh3 Qf1+ 36. Kh4 Rh6+ 37. Kg4 Qg2+ 38. Kf5 Qg6+ 0-1

[Event "FINAL MISTRZOSTW POLSKI JUNIOROW 2018 - GRUPA  D18"]
[Site "Jastrzebia Gora"]
[Date "1899-12-30"]
[Round "1.5"]
[White "Kostecka, Marika"]
[Black "Wojcik, Jagoda"]
[Result "1-0"]
[WhiteTitle "k"]
[BlackTitle "I++"]
[WhiteElo "1975"]
[BlackElo "1670"]

1. e4 e5 2. Nf3 Nc6 3. Bb5 Bc5 4. c3 Nf6 5. O-O O-O 6. Re1 d6 7. h3 a6 8. Ba4 b5
9. Bc2 d5 10. d4 exd4 11. e5 Ne4 12. cxd4 Bb4 13. Nbd2 f5 14. exf6 Nxf6 15. a3
Bd6 16. Nb3 Ne7 17. Nc5 Bf5 18. Bxf5 Nxf5 19. Ne6 Qd7 20. Nxf8 Rxf8 21. Ne5 Qc8
22. Bf4 c5 23. dxc5 Qxc5 24. Rc1 Qa7 25. Qd3 Ne7 26. Nc6 Nxc6 27. Bxd6 Rc8 28.
Qf5 Qb7 29. Qe6+ Kh8 30. Be5 Qd7 31. Bxf6 gxf6 32. Qxd7 1-0

[Event "FINAL MISTRZOSTW POLSKI JUNIOROW 2018 - GRUPA  D18"]
[Site "Jastrzebia Gora"]
[Date "1899-12-30"]
[Round "1.6"]
[White "Borkowska, Zuzanna"]
[Black "Karykowska, Anna"]
[Result "1-0"]
[WhiteTitle "I+"]
[BlackTitle "k"]
[WhiteElo "1665"]
[BlackElo "1950"]

1. e4 c5 2. Nf3 e6 3. c3 d5 4. exd5 Qxd5 5. d4 Nf6 6. Be2 Be7 7. O-O O-O 8. Nbd2
cxd4 9. cxd4 Nc6 10. Bc4 Qd8 11. Nb3 a5 12. a4 b6 13. Bf4 Nb4 14. Ne5 Ba6 15.
Bxa6 Rxa6 16. Rc1 Qe8 17. Nd2 b5 18. b3 Nfd5 19. Bg3 Na2 20. Rc2 Ndb4 21. Rc7
Bd6 22. axb5 Bxc7 23. bxa6 Nxa6 24. Qe2 N2b4 25. Ne4 Qd8 26. Qc4 Bb6 27. Nc5 Nb8
28. Nxe6 fxe6 29. Qxe6+ Kh8 30. Nf7+ Rxf7 31. Qxf7 Nd7 32. Bh4 Qc8 33. Re1 Nf8
34. Bg5 h6 35. Re8 Qc2 36. Qxf8+ Kh7 37. Qg8+ Kg6 38. Re6+ Kh5 39. Qf7+ g6 40.
Qf3+ Kxg5 41. h4+ Kxh4 42. Re4+ Kg5 43. Rg4+ Kh5 44. Qh3# 1-0

[Event "FINAL MISTRZOSTW POLSKI JUNIOROW 2018 - GRUPA  D18"]
[Site "Jastrzebia Gora"]
[Date "1899-12-30"]
[Round "1.7"]
[White "Parol, Pola"]
[Black "Guzik, Natalia"]
[Result "1-0"]
[WhiteTitle "k++"]
[BlackTitle "I++"]
[WhiteElo "1917"]
[BlackElo "1655"]

1. e4 c5 2. Nf3 Nc6 3. d4 cxd4 4. Nxd4 g6 5. c4 Nf6 6. Nc3 d6 7. Be2 Nxd4 8. Qxd4
Bg7 9. Be3 O-O 10. Qd2 Re8 11. O-O Bd7 12. f3 Bc6 13. b4 b6 14. Rac1 Bb7 15. Rfd1
Rc8 16. Qe1 Nd7 17. Qf2 Ne5 18. Nb5 Nd7 19. c5 bxc5 20. bxc5 Qa5 21. cxd6 e6 22.
Rc7 Rxc7 23. dxc7 Bc6 24. Nd6 Qxc7 25. Nxe8 1-0

[Event "FINAL MISTRZOSTW POLSKI JUNIOROW 2018 - GRUPA  D18"]
[Site "Jastrzebia Gora"]
[Date "1899-12-30"]
[Round "1.8"]
[White "Daliga, Anita"]
[Black "Szelag, Zuzanna"]
[Result "1-0"]
[WhiteTitle "I+"]
[BlackTitle "I++"]
[WhiteElo "1634"]
[BlackElo "1888"]

1. e4 c5 2. d3 g6 3. g3 Bg7 4. Bg2 Nc6 5. Nf3 d6 6. Nbd2 Nf6 7. O-O O-O 8. h4 Bg4
9. Re1 Nd7 10. Nf1 Nde5 11. N1h2 Nxf3+ 12. Bxf3 Bxf3 13. Nxf3 Qd7 14. Kg2 Rad8
15. c3 Qc7 16. Bf4 Qb6 17. Qd2 Rc8 18. Bh6 Qa5 19. Bxg7 Kxg7 20. h5 Rh8 21. h6+
Kf8 22. Qf4 Qc7 23. Ng5 Nd8 24. d4 Qd7 25. d5 f6 26. Re2 Ke8 27. Nf3 Nf7 28. Rae1
Rg8 29. Qh4 g5 30. Qh5 Rg6 31. Ng1 Rxh6 32. Qf3 Ne5 33. Qf5 Rc7 34. Qxd7+ Rxd7
35. f3 b5 36. b3 Kf7 37. Rd2 Rc7 38. Rc1 a6 39. a3 c4 40. b4 Ra7 41. a4 Rg6 42.
Ra2 Rb7 43. Ne2 Rg8 44. axb5 axb5 45. Nd4 h5 46. Rca1 h4 47. Nf5 Rh8 48. gxh4
gxh4 49. Rh1 h3+ 50. Rxh3 Rxh3 51. Kxh3 Nxf3 52. Kg3 Ng5 53. Kf4 e5+ 54. dxe6+
Kxe6 55. Ra6 Nf7 56. Nd4+ Kd7 57. Ra5 Ne5 58. Rxb5 Rxb5 59. Nxb5 Nc6 60. Kf5 Ke7
61. Nc7 Kf7 62. Nd5 Kg7 63. b5 Nb8 64. Nb6 Kf7 65. Nxc4 Ke7 66. Nb6 Kd8 67. Ke6
Kc7 68. Nd5+ Kb7 69. Kxd6 1-0

[Event "FINAL MISTRZOSTW POLSKI JUNIOROW 2018 - GRUPA  D18"]
[Site "Jastrzebia Gora"]
[Date "1899-12-30"]
[Round "1.9"]
[White "Krzywnicka, Maria"]
[Black "Zamarska, Sylwia"]
[Result "1-0"]
[WhiteTitle "I++"]
[BlackTitle "I++"]
[WhiteElo "1861"]
[BlackElo "1623"]

1. e4 c6 2. d4 d5 3. exd5 cxd5 4. Bd3 Nc6 5. c3 Nf6 6. h3 Qc7 7. Nf3 g6 8. O-O
Bf5 9. Na3 Bxd3 10. Qxd3 a6 11. Nc2 Bg7 12. Ne3 O-O 13. Ng4 Nxg4 14. hxg4 b5 15.
Bd2 Na5 16. b3 Nb7 17. g3 Nd6 18. Bf4 Rfc8 19. Rac1 Qd7 20. Ne5 Bxe5 21. dxe5
Ne4 22. f3 Nc5 23. Qd2 Ne6 24. Be3 Rd8 25. Qf2 Nc7 26. Qh2 f6 27. exf6 exf6 28.
Bd4 Qf7 29. Qd2 Re8 30. Rce1 Rxe1 31. Rxe1 Re8 32. Rxe8+ Nxe8 33. Qe3 g5 34. Kf2
Nc7 35. Qd3 Ne6 36. Be3 Nc7 37. Bb6 Na8 38. Ba5 Qa7+ 39. Qe3 Qd7 40. Qd4 Kf7 41.
Ke3 Ke6 42. Qc5 Kf7 43. Kd4 Ke6 44. f4 gxf4 45. gxf4 Kf7 46. Qxd5+ Ke7 47. Qxd7+
Kxd7 48. Kd5 h6 49. f5 1-0

[Event "FINAL MISTRZOSTW POLSKI JUNIOROW 2018 - GRUPA  D18"]
[Site "Jastrzebia Gora"]
[Date "1899-12-30"]
[Round "1.10"]
[White "Surpeta, Julia"]
[Black "Dwilewicz, Agata"]
[Result "0-1"]
[WhiteTitle "I"]
[BlackTitle "k"]
[WhiteElo "1590"]
[BlackElo "1846"]

1. d4 d5 2. c4 e6 3. Nf3 Nf6 4. Bg5 Bb4+ 5. Nbd2 Nbd7 6. e3 h6 7. Bxf6 Qxf6 8.
Rc1 c6 9. a3 Bxd2+ 10. Qxd2 O-O 11. Be2 dxc4 12. Rxc4 Rd8 13. O-O e5 14. Qc2 Re8
15. e4 exd4 16. Rxd4 Nb6 17. Rfd1 Be6 18. a4 Rad8 19. a5 Rxd4 20. Rxd4 Nd7 21.
h3 Qg6 22. Kh2 Nf6 23. Nd2 Qg5 24. Qc3 Nh5 25. g3 c5 26. Rd6 f5 27. f4 Qg6 28.
e5 Kh8 29. Qf3 Nf6 30. exf6 Qxf6 31. Qc3 Qf8 32. Qxc5 Bg8 33. Nc4 0-1

[Event "FINAL MISTRZOSTW POLSKI JUNIOROW 2018 - GRUPA  D18"]
[Site "Jastrzebia Gora"]
[Date "1899-12-30"]
[Round "1.11"]
[White "Stebel, Agata"]
[Black "Jurkiewicz, Zuzanna"]
[Result "1-0"]
[WhiteTitle "k"]
[BlackTitle "I++"]
[WhiteElo "1837"]
[BlackElo "1534"]

1. Nf3 d5 2. d4 Nf6 3. g3 e6 4. c4 Be7 5. Bg2 O-O 6. O-O Ne4 7. Nc3 f5 8. Ne5 c6
9. f3 Nf6 10. e4 Nbd7 11. Be3 dxe4 12. Nxd7 Bxd7 13. fxe4 Ng4 14. Bc1 Bg5 15.
Qd3 Bxc1 16. Raxc1 Qg5 17. Rce1 f4 18. gxf4 Rxf4 19. Qg3 Rxf1+ 20. Bxf1 Qd2 21.
h3 Nf6 22. Qf2 Qg5+ 23. Qg2 Qxg2+ 24. Kxg2 Nh5 25. e5 Rf8 26. Ne4 Nf4+ 27. Kg3
Nh5+ 28. Kg2 Nf4+ 29. Kh2 b6 30. c5 b5 31. Be2 Nd5 32. Bd3 Nb4 33. Bb1 Rf4 34.
Kg3 Nd5 35. Bc2 Rf8 36. a4 Nb4 37. Bb3 a5 38. Ng5 Re8 39. axb5 cxb5 40. Rf1 h6
41. Ne4 a4 42. Bd1 Nd3 43. Nd6 Rf8 44. Be2 Rxf1 45. Bxf1 Nxb2 46. Nxb5 Kf8 47.
Na3 Bc6 48. Be2 Be4 49. Kf4 Bd3 50. Ke3 Bf5 51. h4 g5 52. hxg5 hxg5 53. Kd2 g4
54. Ke3 Ke7 55. Kf4 Kd7 56. Bxg4 Bxg4 57. Kxg4 Nd3 58. Kg5 Kc6 59. Kf6 Nf4 60.
Ke7 Ne2 61. Nc2 Nxd4 62. Nxd4+ Kxc5 63. Nc2 Kc4 64. Kxe6 Kb3 65. Nd4+ Kc4 66.
Kd6 Kxd4 67. e6 Kc4 68. e7 a3 69. e8=Q Kb3 70. Qe5 1-0

[Event "FINAL MISTRZOSTW POLSKI JUNIOROW 2018 - GRUPA  D18"]
[Site "Jastrzebia Gora"]
[Date "1899-12-30"]
[Round "1.12"]
[White "Tkaczyk, Weronika"]
[Black "Leczek, Weronika"]
[Result "1/2-1/2"]
[WhiteTitle "I++"]
[BlackTitle "k"]
[WhiteElo "1500"]
[BlackElo "1831"]

1. Nf3 d5 2. g3 Nf6 3. Bg2 e6 4. O-O c5 5. d4 Nc6 6. c4 cxd4 7. cxd5 Nxd5 8. Nxd4
Be7 9. Nxc6 bxc6 10. e4 Nb4 11. Qxd8+ Bxd8 12. Na3 Ba6 13. Rd1 Bb6 14. Bf1 Bxf1
15. Kxf1 e5 16. Nc4 Bd4 17. a3 Na6 18. Be3 c5 19. Rab1 f6 20. Ke2 Ke7 21. Rd3
Rab8 22. Bd2 Rhc8 23. Be1 Nc7 24. b4 Nb5 25. a4 Nd6 26. Nxd6 Kxd6 27. bxc5+ Kxc5
28. Rc1+ Kb6 29. Rcd1 Rc2+ 30. R1d2 Rbc8 31. Rxc2 Rxc2+ 32. Bd2 Ra2 33. a5+ Kb5
34. h3 Kc4 35. Rf3 Ba1 36. Rd3 Bd4 37. Rf3 Ba1 38. Rd3 Bd4 39. Rf3 Bb2 40. Rd3
Bd4 1/2-1/2

[Event "FINAL MISTRZOSTW POLSKI JUNIOROW 2018 - GRUPA  D18"]
[Site "Jastrzebia Gora"]
[Date "1899-12-30"]
[Round "1.13"]
[White "Cieslak, Wiktoria"]
[Black "Przepiora, Anna"]
[Result "1-0"]
[WhiteTitle "k++"]
[BlackTitle "I"]
[WhiteElo "1810"]
[BlackElo "1471"]

1. e4 c5 2. Nf3 a6 3. c4 d6 4. Nc3 Nc6 5. d4 cxd4 6. Nxd4 Nf6 7. Be2 g6 8. O-O
Bg7 9. Be3 O-O 10. f3 Bd7 11. Qd2 Re8 12. Rfd1 Rc8 13. Rac1 Qa5 14. Nb3 Qc7 15.
Nd5 Qb8 16. Nb6 Rcd8 17. a4 Ne5 18. Na1 Be6 19. b4 Ned7 20. Nb3 Nxb6 21. Bxb6
Rc8 22. Nd4 Bd7 23. b5 Rf8 24. Nb3 Be6 25. Be3 axb5 26. axb5 Nd7 27. f4 Nf6 28.
Qd3 Bg4 29. Bxg4 Nxg4 30. Bb6 d5 31. Qf3 dxc4 32. Nc5 Rxc5 33. Bxc5 Qc7 34. Rxc4
b6 35. Qxg4 bxc5 36. e5 e6 37. Rdc1 Rc8 38. Qf3 Bf8 39. Qa3 Qb7 40. Qa6 Qc7 41.
b6 Qc6 42. Rb1 Ra8 43. Qxa8 Qxa8 44. b7 Qa2 45. Rcc1 Qd2 46. b8=Q Qxf4 47. Rf1
Qe3+ 48. Kh1 1-0

[Event "FINAL MISTRZOSTW POLSKI JUNIOROW 2018 - GRUPA  D18"]
[Site "Jastrzebia Gora"]
[Date "1899-12-30"]
[Round "1.14"]
[White "Pedrak, Paulina"]
[Black "Buchta, Agnieszka"]
[Result "0-1"]
[WhiteTitle "I"]
[BlackTitle "I++"]
[WhiteElo "1446"]
[BlackElo "1762"]

1. e4 c5 2. Nf3 e6 3. d4 cxd4 4. Nxd4 Nf6 5. Nc3 Bb4 6. Bd3 Nc6 7. Nf3 d5 8. O-O
Bxc3 9. exd5 Qxd5 10. bxc3 O-O 11. c4 Qa5 12. Bb2 e5 13. Re1 Re8 14. Nd2 Bg4 15.
Qc1 Rad8 16. Nb3 Qc7 17. f3 Bh5 18. Qg5 Bg6 19. Rad1 h6 20. Qg3 Bxd3 21. cxd3
Nh5 22. Qg4 Nf4 23. d4 exd4 24. Rxe8+ Rxe8 25. Nxd4 Nxd4 26. Bxd4 Ne2+ 27. Kf2
Nxd4 28. Qxd4 Qxh2 29. Qxa7 Qe5 30. Kg1 Qe2 31. Qa4 Rc8 32. Rb1 Qe3+ 33. Kh1 Rc5
34. Rb5 Qe1+ 35. Kh2 Qh4+ 36. Kg1 Qe1+ 37. Kh2 Qh4+ 38. Kg1 Rxc4 39. Qa8+ Kh7
40. Rb1 Qd4+ 41. Kh1 Qf2 0-1

[Event "FINAL MISTRZOSTW POLSKI JUNIOROW 2018 - GRUPA  D18"]
[Site "Jastrzebia Gora"]
[Date "1899-12-30"]
[Round "1.15"]
[White "Krzysztynska, Anna"]
[Black "Winter, Anna"]
[Result "1-0"]
[WhiteTitle "I"]
[BlackTitle "I++"]
[WhiteElo "1759"]
[BlackElo "1435"]

1. d4 d5 2. Bf4 Nf6 3. e3 Bf5 4. Nf3 e6 5. Bd3 Bg6 6. O-O Bd6 7. Bg5 Nbd7 8. Nbd2
O-O 9. Re1 c6 10. e4 dxe4 11. Nxe4 Be7 12. Nxf6+ Bxf6 13. Bf4 Qb6 14. Bxg6 hxg6
15. Qd3 Rad8 16. Bg5 Qa5 17. Bxf6 Nxf6 18. Re5 Rd5 19. c4 Rxe5 20. dxe5 Ng4 21.
Qe4 Nh6 22. a3 Rd8 23. h3 Nf5 24. g4 Ne7 25. Ng5 Qd2 26. h4 Nc8 27. Qf3 Rd7 28.
b3 Nb6 29. Rf1 Nc8 30. Kg2 Qd4 31. Re1 Qd2 32. Re3 Qd1 33. Qf4 Qd4 34. Qf3 Qd1
35. Qf4 Qd4 36. Rf3 Qxf4 37. Rxf4 Nb6 38. Ne4 Rd4 39. Nf6+ gxf6 40. Rxd4 fxe5
41. Rd8+ Kg7 42. g5 a5 43. Rb8 Nd7 44. Rxb7 Nc5 45. Rb6 1-0

[Event "FINAL MISTRZOSTW POLSKI JUNIOROW 2018 - GRUPA  D18"]
[Site "Jastrzebia Gora"]
[Date "1899-12-30"]
[Round "2.1"]
[White "Dwilewicz, Agata"]
[Black "Antolak, Julia"]
[Result "0-1"]
[WhiteTitle "k"]
[BlackTitle "WFM"]
[WhiteElo "1846"]
[BlackElo "2185"]

1. e4 c5 2. Nf3 d6 3. d4 cxd4 4. Nxd4 Nf6 5. f3 e5 6. Bb5+ Bd7 7. Bxd7+ Qxd7 8.
Nf5 h6 9. Nc3 Nc6 10. Nb5 d5 11. O-O a6 12. Nc3 d4 13. Ne2 g6 14. Nfg3 Bg7 15.
Bd2 O-O 16. Nc1 Ne8 17. Nd3 Nd6 18. Qe2 Rae8 19. a4 Kh7 20. a5 Qe7 21. Nb4 Nxe4
22. Nxc6 Nxg3 23. hxg3 bxc6 24. Qxa6 Qc5 25. Qd3 f5 26. b4 Qd5 27. Rae1 e4 28.
fxe4 fxe4 29. Qe2 d3 30. cxd3 exd3 31. Qg4 Bd4+ 32. Kh2 Rxf1 33. Rxf1 Re5 34.
Rf7+ Qxf7 35. Qxd4 Qf5 36. Qa7+ Kg8 37. Be3 Qh5+ 38. Kg1 Qd1+ 0-1

[Event "FINAL MISTRZOSTW POLSKI JUNIOROW 2018 - GRUPA  D18"]
[Site "Jastrzebia Gora"]
[Date "1899-12-30"]
[Round "2.2"]
[White "Kiolbasa, Oliwia"]
[Black "Stebel, Agata"]
[Result "1-0"]
[WhiteTitle "WIM"]
[BlackTitle "k"]
[WhiteElo "2170"]
[BlackElo "1837"]

1. e4 c5 2. Nf3 e6 3. d4 cxd4 4. Nxd4 Nf6 5. Nc3 Nc6 6. Be2 Bb4 7. O-O d5 8. exd5
Bxc3 9. bxc3 Nxd5 10. Bb2 Bd7 11. c4 Nf6 12. Nb5 O-O 13. Ba3 Ne7 14. Qd6 a6 15.
Qxe7 Qb6 16. Qd6 Bc6 17. Bc5 Qa5 18. Bb4 Qa4 19. Nc3 Qxc2 20. Bd3 Qb2 21. Rab1
Qd2 22. Bxh7+ 1-0

[Event "FINAL MISTRZOSTW POLSKI JUNIOROW 2018 - GRUPA  D18"]
[Site "Jastrzebia Gora"]
[Date "1899-12-30"]
[Round "2.3"]
[White "Cieslak, Wiktoria"]
[Black "Frej, Zofia"]
[Result "1/2-1/2"]
[WhiteTitle "k++"]
[BlackTitle "k"]
[WhiteElo "1810"]
[BlackElo "2006"]

1. e4 c5 2. Nf3 e6 3. d4 cxd4 4. Nxd4 a6 5. Bd3 Qc7 6. O-O Nf6 7. c4 Nc6 8. Nxc6
dxc6 9. Qe2 Bd6 10. Kh1 e5 11. Nc3 Be6 12. f3 O-O 13. Be3 Nd7 14. Qf2 b6 15. b3
Bc5 16. Na4 Bxe3 17. Qxe3 b5 18. Nb2 Qb6 19. Qxb6 Nxb6 20. cxb5 axb5 21. Rfc1
Rfc8 22. Kg1 Kf8 23. Be2 Nd7 24. a4 Bxb3 25. axb5 Rxa1 26. Rxa1 cxb5 27. Bxb5
Nb6 28. Nd3 f6 29. Ra6 Nc4 30. Bc6 Ne3 31. Ra8 Rxa8 32. Bxa8 Ke7 1/2-1/2

[Event "FINAL MISTRZOSTW POLSKI JUNIOROW 2018 - GRUPA  D18"]
[Site "Jastrzebia Gora"]
[Date "1899-12-30"]
[Round "2.4"]
[White "Kaczmarska, Joanna"]
[Black "Krzysztynska, Anna"]
[Result "1-0"]
[WhiteTitle "k"]
[BlackTitle "I"]
[WhiteElo "1979"]
[BlackElo "1759"]

1. e4 e5 2. Nf3 Nc6 3. Bb5 a6 4. Ba4 Nf6 5. O-O Be7 6. Re1 b5 7. Bb3 O-O 8. c3
d5 9. exd5 Nxd5 10. Nxe5 Nxe5 11. Rxe5 c6 12. d3 Bd6 13. Re1 Qh4 14. g3 Qh3 15.
Re4 Qd7 16. Nd2 Bb7 17. Re1 Nf6 18. Ne4 Nxe4 19. dxe4 Qe7 20. Bg5 Qc7 21. Qd2
Rae8 22. Rad1 Bc5 23. Qd7 Qb6 24. Rd2 Bc8 25. Qd3 h6 26. Be3 Rd8 27. Qc2 Bg4 28.
Kg2 Bxe3 29. Rxe3 c5 30. Bd5 Qg6 31. h3 Bc8 32. Qd1 Kh8 33. f4 Qb6 34. Red3 f5
35. e5 Rfe8 36. Bf3 Rxd3 37. Rxd3 Be6 38. Rd6 Qc7 39. Rxa6 g5 40. Rc6 Qe7 41.
fxg5 Qxg5 42. h4 Qe3 43. Rxe6 Rg8 44. Qd6 Rxg3+ 45. Kxg3 Qg1+ 46. Kh3 f4 47. Qf8+
1-0

[Event "FINAL MISTRZOSTW POLSKI JUNIOROW 2018 - GRUPA  D18"]
[Site "Jastrzebia Gora"]
[Date "1899-12-30"]
[Round "2.5"]
[White "Buchta, Agnieszka"]
[Black "Kostecka, Marika"]
[Result "1/2-1/2"]
[WhiteTitle "I++"]
[BlackTitle "k"]
[WhiteElo "1762"]
[BlackElo "1975"]

1. e4 c5 2. Nc3 Nc6 3. Bb5 Nd4 4. Bc4 e6 5. Nf3 a6 6. d3 b5 7. Bb3 Nxb3 8. axb3
Bb7 9. O-O Nf6 10. e5 Nd5 11. Ne4 Qc7 12. Bg5 d6 13. exd6 Bxd6 14. Nxd6+ Qxd6
15. Nd2 O-O 16. Ne4 Qc7 17. Qd2 f5 18. Nc3 f4 19. Nxd5 exd5 20. f3 Rf5 21. Bh4
Rh5 22. Bf2 d4 23. Rfe1 Qd6 24. Qe2 Bd5 25. Kh1 Rh6 26. Qe5 Re6 27. Qxd6 Rxd6
28. Bh4 h6 29. Be7 Rc6 30. Re5 Re8 31. Rae1 Bf7 32. Bxc5 Rec8 1/2-1/2

[Event "FINAL MISTRZOSTW POLSKI JUNIOROW 2018 - GRUPA  D18"]
[Site "Jastrzebia Gora"]
[Date "1899-12-30"]
[Round "2.6"]
[White "Borkowska, Zuzanna"]
[Black "Parol, Pola"]
[Result "1/2-1/2"]
[WhiteTitle "I+"]
[BlackTitle "k++"]
[WhiteElo "1665"]
[BlackElo "1917"]

1. e4 c5 2. Nf3 d6 3. c3 Nf6 4. h3 Nc6 5. Bd3 d5 6. exd5 Qxd5 7. Bc2 e5 8. d3 Bf5
9. Nh4 Bg6 10. Nxg6 hxg6 11. O-O O-O-O 12. Nd2 Kb8 13. Ne4 c4 14. Nxf6 gxf6 15.
dxc4 Qxc4 16. Qf3 Qh4 17. Be4 Rd6 18. Bxc6 Rxc6 19. Qd5 Bc5 20. Be3 Bxe3 21. fxe3
Qg5 22. Rf3 Re6 23. e4 f5 24. Re1 Rd8 25. Qc5 f4 26. b4 Red6 27. Ref1 Rd2 28.
R1f2 Rd1+ 29. Rf1 b6 30. Qc6 R1d6 31. Qb5 Rd2 32. R1f2 Rd1+ 33. Kh2 Qe7 34. Rf1
R1d2 35. R1f2 g5 36. Rxd2 Rxd2 37. Rd3 Rxd3 38. Qxd3 f5 39. Qc4 fxe4 40. Qg8+
Kb7 41. Qd5+ Kc7 42. Qc4+ Kd6 43. Qxe4 Qe6 44. a4 g4 45. Qd3+ Kc6 46. Qe4+ Kd6
1/2-1/2

[Event "FINAL MISTRZOSTW POLSKI JUNIOROW 2018 - GRUPA  D18"]
[Site "Jastrzebia Gora"]
[Date "1899-12-30"]
[Round "2.7"]
[White "Daliga, Anita"]
[Black "Krzywnicka, Maria"]
[Result "0-1"]
[WhiteTitle "I+"]
[BlackTitle "I++"]
[WhiteElo "1634"]
[BlackElo "1861"]

1. e4 c5 2. d3 e6 3. g3 d5 4. Nd2 Bd6 5. Bg2 Ne7 6. Ngf3 Nbc6 7. O-O O-O 8. c3
Rb8 9. Re1 Bc7 10. Nf1 b5 11. exd5 exd5 12. d4 c4 13. Ne5 b4 14. Nxc6 Nxc6 15.
Qf3 Ne7 16. Bf4 Bxf4 17. Qxf4 Be6 18. Qg5 Nf5 19. Qxd8 Rfxd8 20. Ne3 Nxe3 21.
Rxe3 bxc3 22. bxc3 Rb2 23. f4 g6 24. Bf3 h5 25. Re2 Rxe2 26. Bxe2 Rb8 27. a4 Rb2
28. Bd1 Kf8 29. Rc1 Ke7 30. Bc2 Kf6 31. Kf1 Ra2 32. Ke2 Bf5 33. Kd1 Bxc2+ 34.
Rxc2 Rxc2 35. Kxc2 Kf5 36. Kd2 Kg4 37. Ke3 Kh3 38. Kf3 Kxh2 39. g4 Kh3 40. gxh5
gxh5 41. f5 f6 42. a5 a6 43. Kf4 Kh4 44. Kf3 Kg5 45. Kg3 Kxf5 46. Kh4 Ke4 47.
Kxh5 Kd3 48. Kg6 Kxc3 49. Kxf6 Kxd4 0-1

[Event "FINAL MISTRZOSTW POLSKI JUNIOROW 2018 - GRUPA  D18"]
[Site "Jastrzebia Gora"]
[Date "1899-12-30"]
[Round "2.8"]
[White "Leczek, Weronika"]
[Black "Karykowska, Anna"]
[Result "0-1"]
[WhiteTitle "k"]
[BlackTitle "k"]
[WhiteElo "1831"]
[BlackElo "1950"]

1. e4 c5 2. Nf3 Nc6 3. c3 d5 4. exd5 Qxd5 5. d4 e5 6. Nxe5 Nxe5 7. dxe5 Qxd1+ 8.
Kxd1 Bg4+ 9. Kc2 O-O-O 10. Bd3 Ne7 11. Bf4 Ng6 12. Bg3 Be7 13. h3 Be6 14. Nd2
Rd7 15. Nc4 Kc7 16. Rad1 Rhd8 17. b3 a6 18. Ne3 Bg5 19. Bxg6 hxg6 20. f4 Be7 21.
Bh2 Kc6 22. c4 Rd4 23. g4 Rxd1 24. Rxd1 Rh8 25. Nd5 Bd8 26. Bg1 Rxh3 27. Ne3 Bc7
28. Rf1 Bc8 29. Kd2 Rg3 30. Bh2 Rh3 31. Rf2 Rh8 32. g5 Ba5+ 33. Kd3 Rh3 34. Ke2
Bc3 35. Rg2 Be6 36. Bg1 Rh4 37. Bh2 Bd4 38. Rf2 Rh3 39. Rf3 Rxh2+ 0-1

[Event "FINAL MISTRZOSTW POLSKI JUNIOROW 2018 - GRUPA  D18"]
[Site "Jastrzebia Gora"]
[Date "1899-12-30"]
[Round "2.9"]
[White "Szelag, Zuzanna"]
[Black "Tkaczyk, Weronika"]
[Result "1-0"]
[WhiteTitle "I++"]
[BlackTitle "I++"]
[WhiteElo "1888"]
[BlackElo "1500"]

1. e4 e5 2. Nf3 Nc6 3. Bb5 a6 4. Ba4 Nf6 5. Qe2 b5 6. Bb3 Be7 7. O-O O-O 8. Nc3
d6 9. Nd5 Nxd5 10. Bxd5 Bb7 11. c3 Na5 12. Bxb7 Nxb7 13. d4 exd4 14. cxd4 c5 15.
d5 Qd7 16. Rd1 Rae8 17. a4 Ra8 18. Qc2 b4 19. Bf4 Rfe8 20. e5 Bf8 21. Ng5 g6 22.
e6 fxe6 23. Nxe6 Be7 24. Rd3 Nd8 25. Ng5 Qf5 26. Qd2 Nf7 27. Ne6 Rac8 28. Rf3
Ne5 29. Rh3 Nc4 30. Qe2 Nb6 31. Rf3 Qxd5 32. Rd1 Qc6 33. Rfd3 Qd7 34. Bxd6 Rc6
35. Nc7 Rxc7 36. Bxc7 Qxc7 37. a5 c4 38. Qe6+ Kg7 39. axb6 Qb8 40. Rd7 c3 41.
Rxe7+ Rxe7 42. Qxe7+ Kh6 43. Qh4+ Kg7 44. Rd7+ 1-0

[Event "FINAL MISTRZOSTW POLSKI JUNIOROW 2018 - GRUPA  D18"]
[Site "Jastrzebia Gora"]
[Date "1899-12-30"]
[Round "2.10"]
[White "Kindler, Karolina"]
[Black "Zamarska, Sylwia"]
[Result "1/2-1/2"]
[WhiteTitle "I++"]
[BlackTitle "I++"]
[WhiteElo "1758"]
[BlackElo "1623"]

1. Nf3 Nf6 2. b3 g6 3. Bb2 Bg7 4. e3 O-O 5. Be2 d5 6. O-O c5 7. c4 Nc6 8. cxd5
Nxd5 9. Bxg7 Kxg7 10. Qc2 b6 11. a3 Bb7 12. Nc3 Rc8 13. Bc4 Nxc3 14. Qxc3+ Kg8
15. b4 Nb8 16. Ne5 Nd7 17. Ng4 Nf6 18. Nxf6+ exf6 19. b5 Kg7 20. a4 Bd5 21. d3
Bxc4 22. dxc4 Qc7 23. Rfd1 Rfd8 24. Rd5 Rxd5 25. cxd5 Qe5 26. Qxe5 fxe5 27. e4
Kf6 28. f3 Ke7 29. Kf2 Kd6 30. Ke2 Kc7 31. Kd3 f6 32. Kc4 Rd8 33. a5 Kb7 34. g3
g5 35. a6+ Kc7 36. f4 exf4 37. gxf4 Re8 38. Kd3 h6 39. Rf1 Rf8 40. Rf3 g4 41.
Rg3 h5 42. h3 Rg8 43. h4 Kd6 44. Kc4 Re8 1/2-1/2

[Event "FINAL MISTRZOSTW POLSKI JUNIOROW 2018 - GRUPA  D18"]
[Site "Jastrzebia Gora"]
[Date "1899-12-30"]
[Round "2.11"]
[White "Jurkiewicz, Zuzanna"]
[Black "Trybowska, Barbara"]
[Result "1/2-1/2"]
[WhiteTitle "I++"]
[BlackTitle "I++"]
[WhiteElo "1534"]
[BlackElo "1757"]

1. e4 c6 2. d4 d5 3. exd5 cxd5 4. Bf4 Nc6 5. Nf3 Nf6 6. Be2 Bf5 7. Nh4 Bg6 8. Nxg6
hxg6 9. c3 Nh5 10. Bxh5 gxh5 11. Nd2 e6 12. Nf3 Bd6 13. Bg3 h4 14. Bxd6 Qxd6 15.
h3 O-O-O 16. Qd2 f6 17. O-O-O g5 18. Nh2 Qf4 19. Ng4 Qxd2+ 20. Rxd2 f5 21. Nh2
Rhg8 22. Re1 Rde8 23. Rde2 Kd7 24. Nf3 b6 25. a4 a6 26. b4 b5 27. a5 Kd6 28. Kd2
Re7 29. Kd3 Rg6 30. Ne5 Nxe5+ 31. Rxe5 g4 32. R1e2 gxh3 33. gxh3 1/2-1/2